Joueurs Vainqueurs de la Coupe du Monde - Mort subite - Statistiques

Statistiques générales
  • Ce quiz a été pris 37 fois
  • Le résultat moyen est 9 sur 16
Answers on the Grid
Answers color-coded by a green-red scale on the quiz's grid according to % correct below.
Pelé
Thierry Henry
David Villa
Andrea Pirlo
Lionel Messi
Miroslav Klose
Antoine Griezmann
Franz Beckenbauer
Ronaldinho
Paolo Rossi
Blaise Matuidi
Andrés Iniesta
Sergio Ramos
Lorenzo Fernández
Toni Kroos
Gianluigi Buffon
Steven Gerrard
Johan Cruyff
Kevin De Bruyne
Thiago Silva
Sergio Agüero
Marco Reus
Sócrates
Jordi Alba
Raúl
Karim Benzema
Oliver Kahn
Paolo Maldini
 
Statistiques - réponses
Réponse % Correct
Ronaldinho
76%
David Villa
72%
Thierry Henry
72%
Andrés Iniesta
68%
Blaise Matuidi
68%
Gianluigi Buffon
68%
Miroslav Klose
68%
Sergio Ramos
68%
Antoine Griezmann
64%
Pelé
64%
Lionel Messi
60%
Franz Beckenbauer
52%
Toni Kroos
52%
Andrea Pirlo
48%
Paolo Rossi
40%
Lorenzo Fernández
8%
Aucun quiz correspondant
Distribution des résultats
% des personnes avec chaque résultat
Percentile par nombre de réponses
Votre historique - résultats
Vous n’avez pas pris ce quiz